| 000 | 00355 a2200121 4500 | ||
|---|---|---|---|
| 001 | ART_44805 | ||
| 005 | 20260410162024.0 | ||
| 008 | 260409a | ||
| 245 | 1 | 0 | _aFuentes de datos demográficos |
| 100 | 1 | _aRuiz, Magda | |
| 700 | 1 | _aPopolo, Fabiana del | |
| 773 | 0 |
_tNotas de población _g- Año XXXVI, Nº 89 (jul./dic. 2009) _wREV41841 |
|
| 999 |
_c33364 _d33364 |
||